00769nam a2200217Ia 450000500170000000800410001702000140005804000190007204100120009108200150010310000230011824500940014126000440023530000130027950400500029265000580034285000100040094200070041099900170041795201170043420250526123930.0131103s9999 xx 000 0 und d a801483360 aLoreto College aEnglish a820.9bZWI aZwicker, Steven N. aLines of authorityb politics and English literary culture, 1649-1689 cSteven N. Zwicker aIthacabCornell University Pressc1993c ax,254p.  aIncludes bibliographical references and index aEnglish Literature - History and Criticism, 1649-1689 aLCBED cBK c20365d70844 00102ddc4070aMAINbMAINcPost Graduated2013-11-04l0o820.9 ZWI 46757pB22235r2013-11-04w2013-11-04yBKf